000 00659nam a22002177a 4500
005 20130523110944.0
010 _aENG-107264
020 _a9781259062568
_c495.00
020 _a1259062562
_c495.00
035 _aEN-90797
037 _bDBAD/PUB
082 _a621.4021
100 _aNag, P. K.
245 _aEngineering thermodynamics /
_cby P. K. Nag
250 _a5th ed
260 _aNew Delhi
_bTata McGraw Hill
_c2013
270 _aP-24, Green Park Park, Extention
_bNew Delhi
_e110095
300 _axxx, 914p.:
_c22cm(pbk)
_eill.,maps
500 _aIncludes bibliographical references and index
942 _2ddc
_cEN
_h621.4021
_mNAG
999 _c75939
_d75939